Loreto College Library, Kolkata
WEBOPAC (ONLINE PUBLIC ACCESS CATALOGUE)

Guiding Learning (Record no. 26795)

MARC details
000 -LEADER
fixed length control field 00578nam a2200217Ia 4500
005 - DATE AND TIME OF LATEST TRANSACTION
control field 20240418152823.0
008 - FIXED-LENGTH DATA ELEMENTS--GENERAL INFORMATION
fixed length control field 131103s9999 xx 000 0 und d
020 ## - ISBN | অাই এস বি এন
ISBN | অাই এস বি এন 0 471 30831 5
040 ## - CATALOGING SOURCE
Original cataloging agency Loreto College
041 ## - LANGUAGE CODE
Language code English
082 ## - DDC | ডিউই
Classification number | বর্গসংখ্যা 370.15
Book Number | গ্রন্থাঙ্ক GLO
245 ## - TITLE STATEMENT | অাখ্যা বিবরণী
Title | অাখ্যা Guiding Learning
Sub title | উপঅাখ্যা
Statement of responsibility | লেখকের দায়িত্বের বিবরণ Edied by Maruin D.Glock
250 ## - EDITION STATEMENT | সংস্করণ ক্ষেত্র
Edition statement | সংস্করণ Readings In Educational Learning psychology
260 ## - IMPRINT | প্রকাশনা ক্ষেত্র
Place of publication | প্রকাশ স্থান London
Name of publisher | প্রকাশকের নাম John Wiley&Sons
Date of publication | প্রকাশ কাল 1971
300 ## - PHYSICAL DESCRIPTION |
Page / Vol. No | পৃষ্ঠা / খন্ড সংখ্যা xvii,764p
504 ## - BIBLIOGRAPHY, ETC. NOTE
Bibliography, etc Includes index
650 ## - SUBJECT ADDED ENTRY--TOPICAL TERM | বিষয় শিরোনাম - মূল বিষয়
Topical term | মূল বিষয় Psychology
700 ## - ADDED ENTRY--PERSONAL NAME | অতিরিক্ত সংলেখ - ব্
Personal name | ব্যাক্তিনাম Glock, Marvin D
850 ## - HOLDING INSTITUTION
Holding institution LCBED
942 ## - ADDED ENTRY ELEMENTS (KOHA)
Koha item type Books
Holdings
Withdrawn status Lost status Source of classification Damaged status Not for loan Home library Current library Date acquired Total Checkouts Full call number Accession No. Date last seen Price effective from Koha item type Coded location qualifier
    Dewey Decimal Classification     Loreto College Loreto College 04/11/2013   370.15 GLO 794 B29643 04/11/2013 04/11/2013 Books